[Event "blitzwomeanteam"]
[Site "?"]
[Date "2016.10.07"]
[Round "6.8"]
[White "Maltsevskaya, Aleksandra"]
[Black "Sazonova, Anastasia"]
[Result "0-1"]
[LiveChessVersion "1.4.4"]
[BlackElo "1923"]
[WhiteElo "2046"]

1. e4 {[%clk 0:03:02]} e6 {[%clk 0:03:03]} 2. d4 {[%clk 0:03:01]} d5
{[%clk 0:03:04]} 3. Nc3 {[%clk 0:03:02]} Nf6 {[%clk 0:03:01]} 4. Bg5
{[%clk 0:03:02]} dxe4 {[%clk 0:03:02]} 5. Nxe4 {[%clk 0:03:03]} Nbd7
{[%clk 0:03:02]} 6. Bd3 {[%clk 0:02:51]} Be7 {[%clk 0:02:49]} 7. Bxf6
{[%clk 0:02:38]} Nxf6 {[%clk 0:02:24]} 8. Nf3 {[%clk 0:02:37]} O-O
{[%clk 0:02:10]} 9. Qe2 {[%clk 0:02:38]} Nd5 {[%clk 0:01:38]} 10. O-O-O
{[%clk 0:02:12]} Nf4 {[%clk 0:01:24]} 11. Qd2 {[%clk 0:02:13]} Nxd3+
{[%clk 0:01:23]} 12. Qxd3 {[%clk 0:02:14]} b6 {[%clk 0:01:22]} 13. h4
{[%clk 0:02:12]} Qd5 {[%clk 0:01:00]} 14. Kb1 {[%clk 0:02:05]} Bb7
{[%clk 0:00:52]} 15. Neg5 {[%clk 0:02:05]} Qf5 {[%clk 0:00:50]} 16. Qc3
{[%clk 0:01:53]} c5 {[%clk 0:00:35]} 17. g4 {[%clk 0:01:40]} Qxg4
{[%clk 0:00:22]} 18. Rhg1 {[%clk 0:01:41]} Qf5 {[%clk 0:00:18]} 19. d5
{[%clk 0:01:39]} Bf6 {[%clk 0:00:16]} 20. Qd2 {[%clk 0:01:25]} Bxd5
{[%clk 0:00:15]} 21. Nh2 {[%clk 0:01:20]} h6 22. Ng4 {[%clk 0:01:01]} hxg5
{[%clk 0:00:09]} 23. hxg5 {[%clk 0:00:58]} Bxg5 {[%clk 0:00:08]} 24. Nh6+
{[%clk 0:00:59]} Bxh6 {[%clk 0:00:07]} 25. Qxh6 {[%clk 0:00:59]} Qh7
{[%clk 0:00:07]} 26. Qg5 {[%clk 0:01:00]} g6 {[%clk 0:00:04]} 27. Qf6
{[%clk 0:00:50]} Qg7 {[%clk 0:00:04]} 28. Qh4 {[%clk 0:00:50]} Rfe8
{[%clk 0:00:04]} 29. c4 {[%clk 0:00:49]} Bf3 {[%clk 0:00:04]} 30. Rd3
{[%clk 0:00:49]} Bc6 {[%clk 0:00:03]} 31. Rd6 {[%clk 0:00:45]} Bb7
{[%clk 0:00:03]} 32. Rd7 {[%clk 0:00:40]} Bc6 {[%clk 0:00:04]} 33. Rd6
{[%clk 0:00:41]} Bb7 {[%clk 0:00:05]} 34. Rd7 {[%clk 0:00:42]} Bc6
{[%clk 0:00:05]} 35. Rd3 {[%clk 0:00:40]} b5 {[%clk 0:00:05]} 36. Rd6
{[%clk 0:00:34]} Rac8 {[%clk 0:00:05]} 37. Rgd1 {[%clk 0:00:31]} bxc4
{[%clk 0:00:05]} 38. Qxc4 {[%clk 0:00:31]} Bd5 {[%clk 0:00:06]} 39. Qh4
{[%clk 0:00:30]} Qe5 40. Rd7 {[%clk 0:00:25]} Qe4+ {[%clk 0:00:06]} 41. Qxe4
{[%clk 0:00:25]} Bxe4+ {[%clk 0:00:07]} 42. Ka1 {[%clk 0:00:22]} a5
{[%clk 0:00:08]} 43. Ra7 {[%clk 0:00:20]} Red8 {[%clk 0:00:09]} 44. Rc1
{[%clk 0:00:20]} c4 {[%clk 0:00:10]} 45. Rxa5 {[%clk 0:00:21]} Rd2
{[%clk 0:00:11]} 46. Re5 {[%clk 0:00:22]} Bf5 {[%clk 0:00:12]} 47. f3
{[%clk 0:00:16]} Rb8 {[%clk 0:00:13]} 48. Rc5 {[%clk 0:00:07]} Rbxb2
{[%clk 0:00:13]} 49. Rc8+ {[%clk 0:00:08]} Kg7 {[%clk 0:00:14]} 50. Ra8
{[%clk 0:00:08]} Rf2 {[%clk 0:00:13]} 51. f4 {[%clk 0:00:06]} Rbc2
{[%clk 0:00:13]} 52. Rd1 {[%clk 0:00:07]} Rxf4 {[%clk 0:00:13]} 53. Ra7
{[%clk 0:00:06]} Rff2 {[%clk 0:00:13]} 54. Re1 {[%clk 0:00:06]} g5
{[%clk 0:00:13]} 55. Rg1 {[%clk 0:00:07]} Kf6 {[%clk 0:00:13]} 56. Re1
{[%clk 0:00:08]} g4 {[%clk 0:00:14]} 57. Rg1 {[%clk 0:00:07]} Rg2
{[%clk 0:00:15]} 58. Rf1 {[%clk 0:00:08]} g3 {[%clk 0:00:15]} 59. Ra6
{[%clk 0:00:04]} Rgf2 60. Rg1 g2 {[%clk 0:00:16]} 0-1

[Event "blitzwomeanteam"]
[Site "?"]
[Date "2016.10.07"]
[Round "6.9"]
[White "Pogonina, Natalija"]
[Black "Ruchieva, Natalia"]
[Result "1-0"]
[LiveChessVersion "1.4.4"]
[BlackElo "2194"]
[WhiteElo "2402"]

1. d4 {[%clk 0:03:03]} d5 {[%clk 0:03:03]} 2. c4 {[%clk 0:03:03]} dxc4
{[%clk 0:03:04]} 3. e4 {[%clk 0:03:04]} e5 {[%clk 0:03:02]} 4. Nf3
{[%clk 0:03:04]} exd4 {[%clk 0:02:59]} 5. Bxc4 {[%clk 0:03:04]} Bb4+
{[%clk 0:02:27]} 6. Nbd2 {[%clk 0:03:04]} Nc6 {[%clk 0:02:11]} 7. O-O
{[%clk 0:03:01]} Nf6 {[%clk 0:02:10]} 8. e5 {[%clk 0:02:34]} Nd5 {[%clk 0:01:37]}
9. Nb3 {[%clk 0:02:33]} O-O {[%clk 0:01:32]} 10. Nbxd4 {[%clk 0:02:22]} Nxd4
{[%clk 0:01:27]} 11. Qxd4 {[%clk 0:02:15]} Nb6 {[%clk 0:01:21]} 12. Bxf7+
{[%clk 0:02:08]} Kh8 {[%clk 0:01:19]} 13. Qxb4 {[%clk 0:02:08]} Rxf7
{[%clk 0:01:20]} 14. Ng5 {[%clk 0:01:40]} Rf8 {[%clk 0:00:47]} 15. e6
{[%clk 0:01:37]} Qf6 {[%clk 0:00:21]} 16. Qe4 {[%clk 0:01:20]} g6 17. Be3 1-0

[Event "blitzwomeanteam"]
[Site "?"]
[Date "2016.10.07"]
[Round "6.10"]
[White "Vasilevich, Tatjana"]
[Black "Mkrtchian, Lilit"]
[Result "0-1"]
[LiveChessVersion "1.4.4"]
[BlackElo "2374"]
[WhiteElo "2345"]

1. d4 {[%clk 0:03:03]} Nf6 {[%clk 0:03:03]} 2. c4 e6 3. Nc3 {[%clk 0:03:06]} Bb4
4. Qc2 d5 {[%clk 0:03:03]} 5. a3 {[%clk 0:03:08]} Bxc3+ {[%clk 0:02:59]} 6. Qxc3
{[%clk 0:03:09]} O-O {[%clk 0:02:56]} 7. Nf3 {[%clk 0:03:06]} Ne4
{[%clk 0:02:49]} 8. Qc2 {[%clk 0:03:07]} b6 {[%clk 0:02:48]} 9. e3
{[%clk 0:03:03]} Ba6 {[%clk 0:02:41]} 10. Bd3 {[%clk 0:02:57]} Nd7
{[%clk 0:02:31]} 11. O-O {[%clk 0:02:48]} c5 {[%clk 0:02:28]} 12. b3
{[%clk 0:02:38]} Bb7 {[%clk 0:02:25]} 13. Bb2 {[%clk 0:02:34]} Rc8
{[%clk 0:02:26]} 14. Rfd1 {[%clk 0:02:27]} cxd4 {[%clk 0:02:24]} 15. Bxd4
{[%clk 0:02:15]} Ndc5 {[%clk 0:02:19]} 16. Bf1 {[%clk 0:02:00]} Qe7
{[%clk 0:02:17]} 17. Qb2 {[%clk 0:02:00]} f6 {[%clk 0:02:16]} 18. b4
{[%clk 0:01:42]} Nd7 {[%clk 0:02:13]} 19. Qb3 {[%clk 0:01:33]} Qf7
{[%clk 0:01:28]} 20. Rac1 {[%clk 0:01:29]} Rfd8 {[%clk 0:01:24]} 21. a4
{[%clk 0:01:25]} Ne5 {[%clk 0:01:09]} 22. Bxe5 {[%clk 0:01:13]} fxe5
{[%clk 0:01:09]} 23. Qb2 {[%clk 0:00:54]} d4 {[%clk 0:00:46]} 24. Nxe5
{[%clk 0:00:46]} Qf5 {[%clk 0:00:20]} 25. exd4 {[%clk 0:00:46]} Ng5
{[%clk 0:00:16]} 26. f3 {[%clk 0:00:39]} Rf8 {[%clk 0:00:10]} 27. Bd3
{[%clk 0:00:29]} Qf4 {[%clk 0:00:10]} 28. Bf1 {[%clk 0:00:25]} Rf6
{[%clk 0:00:09]} 29. Ng4 {[%clk 0:00:19]} Rg6 {[%clk 0:00:07]} 30. Qd2
{[%clk 0:00:19]} Nxf3+ {[%clk 0:00:07]} 31. gxf3 {[%clk 0:00:20]} Qxf3
{[%clk 0:00:08]} 32. h3 {[%clk 0:00:13]} Qh1+ {[%clk 0:00:06]} 33. Kf2 Rf8+ 34.
Ke2 {[%clk 0:00:12]} Qf3+ {[%clk 0:00:08]} 35. Ke1 {[%clk 0:00:14]} Qxf1# 0-1

[Event "blitzwomeanteam"]
[Site "?"]
[Date "2016.10.07"]
[Round "6.11"]
[White "Nechaeva, Marina"]
[Black "Gritsayeva, Oksana"]
[Result "0-1"]
[LiveChessVersion "1.4.4"]
[BlackElo "2284"]
[WhiteElo "2351"]

1. d4 {[%clk 0:03:04]} d5 {[%clk 0:03:04]} 2. c4 {[%clk 0:03:05]} dxc4
{[%clk 0:03:05]} 3. e4 {[%clk 0:03:06]} Nc6 {[%clk 0:03:07]} 4. d5
{[%clk 0:03:07]} Ne5 {[%clk 0:03:07]} 5. Bf4 {[%clk 0:03:05]} Ng6
{[%clk 0:03:06]} 6. Be3 {[%clk 0:03:05]} e5 {[%clk 0:03:05]} 7. Bxc4
{[%clk 0:03:05]} a6 {[%clk 0:03:06]} 8. Nc3 {[%clk 0:03:04]} Bd6 {[%clk 0:03:07]}
9. h3 {[%clk 0:03:02]} Nf6 {[%clk 0:03:06]} 10. a4 {[%clk 0:03:02]} O-O
{[%clk 0:03:05]} 11. Nf3 {[%clk 0:03:03]} Nh5 {[%clk 0:03:02]} 12. g3
{[%clk 0:02:25]} Nf6 {[%clk 0:03:03]} 13. Nd2 {[%clk 0:02:13]} Bd7
{[%clk 0:02:58]} 14. Bf1 {[%clk 0:02:12]} Ne8 {[%clk 0:02:53]} 15. Bg2
{[%clk 0:02:13]} Kh8 {[%clk 0:02:42]} 16. O-O {[%clk 0:02:12]} Ne7
{[%clk 0:02:33]} 17. Nc4 {[%clk 0:01:58]} f5 {[%clk 0:02:24]} 18. Nxd6
{[%clk 0:01:57]} cxd6 {[%clk 0:02:19]} 19. Qd2 {[%clk 0:01:27]} Nf6
{[%clk 0:02:19]} 20. a5 {[%clk 0:01:01]} Qe8 {[%clk 0:02:20]} 21. Bb6
{[%clk 0:00:45]} Qh5 {[%clk 0:02:09]} 22. f3 {[%clk 0:00:44]} fxe4
{[%clk 0:01:58]} 23. g4 {[%clk 0:00:45]} Qe8 {[%clk 0:01:47]} 24. fxe4
{[%clk 0:00:45]} Ng6 {[%clk 0:01:46]} 25. Be3 {[%clk 0:00:34]} Qe7
{[%clk 0:01:37]} 26. Qe1 {[%clk 0:00:31]} h6 {[%clk 0:01:33]} 27. Qg3
{[%clk 0:00:31]} Nh7 {[%clk 0:01:32]} 28. Qe1 {[%clk 0:00:27]} Nf4
{[%clk 0:01:30]} 29. Ne2 {[%clk 0:00:26]} Bb5 {[%clk 0:01:23]} 30. Bxf4
{[%clk 0:00:23]} Bxe2 {[%clk 0:01:19]} 31. Qxe2 {[%clk 0:00:22]} exf4
{[%clk 0:01:19]} 32. e5 {[%clk 0:00:14]} Qxe5 {[%clk 0:01:16]} 33. Qxe5
{[%clk 0:00:16]} dxe5 {[%clk 0:01:17]} 34. d6 {[%clk 0:00:17]} Rad8
{[%clk 0:01:15]} 35. Rad1 {[%clk 0:00:18]} Rf6 {[%clk 0:01:08]} 36. Rd5
{[%clk 0:00:07]} Ng5 {[%clk 0:01:09]} 37. Rxe5 {[%clk 0:00:08]} f3
{[%clk 0:01:10]} 38. Bh1 {[%clk 0:00:09]} Nxh3+ {[%clk 0:01:07]} 39. Kh2
{[%clk 0:00:10]} Ng5 {[%clk 0:01:07]} 40. Kg3 {[%clk 0:00:09]} Rdxd6
{[%clk 0:01:07]} 41. Bxf3 {[%clk 0:00:09]} Rd3 {[%clk 0:01:06]} 42. Rf5
{[%clk 0:00:06]} Rxf5 {[%clk 0:01:01]} 43. gxf5 {[%clk 0:00:07]} Rb3
{[%clk 0:00:59]} 44. Kg4 {[%clk 0:00:08]} Nxf3 {[%clk 0:00:48]} 45. Rxf3
{[%clk 0:00:09]} Rxb2 {[%clk 0:00:49]} 46. Rd3 {[%clk 0:00:09]} Rb5
{[%clk 0:00:44]} 47. Rd7 {[%clk 0:00:09]} Kg8 {[%clk 0:00:44]} 48. Kf4
{[%clk 0:00:07]} Kf8 {[%clk 0:00:44]} 49. Kg4 {[%clk 0:00:08]} Rxa5
{[%clk 0:00:40]} 50. Rxb7 {[%clk 0:00:08]} Rb5 {[%clk 0:00:42]} 51. Ra7
{[%clk 0:00:09]} a5 {[%clk 0:00:43]} 52. Kf4 {[%clk 0:00:10]} h5 {[%clk 0:00:26]}
53. Ke4 {[%clk 0:00:09]} h4 {[%clk 0:00:26]} 54. Kf4 {[%clk 0:00:10]} h3
{[%clk 0:00:25]} 55. Kg3 {[%clk 0:00:11]} Rxf5 {[%clk 0:00:26]} 56. Kxh3
{[%clk 0:00:13]} Kg8 {[%clk 0:00:23]} 57. Kg4 {[%clk 0:00:14]} Rb5
{[%clk 0:00:25]} 58. Kf4 {[%clk 0:00:14]} Kh7 {[%clk 0:00:26]} 59. Kg4
{[%clk 0:00:14]} Kh6 {[%clk 0:00:27]} 60. Kf4 {[%clk 0:00:13]} g6
{[%clk 0:00:28]} 61. Kg4 {[%clk 0:00:14]} Rb4+ {[%clk 0:00:30]} 62. Kg3
{[%clk 0:00:15]} a4 {[%clk 0:00:32]} 63. Ra5 {[%clk 0:00:16]} Rc4
{[%clk 0:00:29]} 64. Kh3 {[%clk 0:00:16]} g5 {[%clk 0:00:23]} 65. Ra8
{[%clk 0:00:17]} Rb4 {[%clk 0:00:22]} 66. Kg3 {[%clk 0:00:18]} Kg6
{[%clk 0:00:22]} 67. Ra7 {[%clk 0:00:17]} Kf5 {[%clk 0:00:22]} 68. Ra5+
{[%clk 0:00:18]} Kf6 {[%clk 0:00:23]} 69. Kf3 {[%clk 0:00:17]} g4+
{[%clk 0:00:24]} 70. Kg3 {[%clk 0:00:18]} Ke6 {[%clk 0:00:25]} 71. Kh4
{[%clk 0:00:08]} Kd6 {[%clk 0:00:26]} 72. Kg3 {[%clk 0:00:09]} Kc6
{[%clk 0:00:28]} 73. Kh4 {[%clk 0:00:08]} Kb6 {[%clk 0:00:29]} 74. Rf5
{[%clk 0:00:07]} a3 {[%clk 0:00:27]} 75. Rf2 {[%clk 0:00:07]} Ra4
{[%clk 0:00:28]} 76. Ra2 {[%clk 0:00:07]} Kc5 {[%clk 0:00:29]} 0-1

[Event "blitzwomeanteam"]
[Site "?"]
[Date "2016.10.07"]
[Round "6.12"]
[White "Potapova, Margarita"]
[Black "Kovanova, Baira"]
[Result "0-1"]
[LiveChessVersion "1.4.4"]
[BlackElo "2282"]
[WhiteElo "1965"]

1. d4 {[%clk 0:03:03]} Nf6 {[%clk 0:03:04]} 2. c4 {[%clk 0:03:04]} e6
{[%clk 0:03:05]} 3. g3 {[%clk 0:03:05]} c5 {[%clk 0:03:05]} 4. d5
{[%clk 0:03:06]} exd5 {[%clk 0:03:06]} 5. cxd5 {[%clk 0:03:07]} d6
{[%clk 0:03:08]} 6. Bg2 {[%clk 0:03:08]} g6 {[%clk 0:03:09]} 7. Nc3
{[%clk 0:03:09]} Bg7 {[%clk 0:03:10]} 8. Nf3 {[%clk 0:03:10]} O-O
{[%clk 0:03:10]} 9. O-O {[%clk 0:03:11]} a6 {[%clk 0:03:10]} 10. a4
{[%clk 0:03:12]} Nbd7 {[%clk 0:03:05]} 11. Nd2 {[%clk 0:03:09]} Re8
{[%clk 0:03:02]} 12. Nc4 {[%clk 0:03:08]} Nb6 {[%clk 0:02:48]} 13. Na3
{[%clk 0:03:08]} Nbd7 {[%clk 0:02:41]} 14. Nc4 {[%clk 0:03:08]} Nb6
{[%clk 0:02:26]} 15. Na3 {[%clk 0:03:09]} Nbd7 {[%clk 0:02:21]} 16. Nc4
{[%clk 0:03:10]} Ne5 {[%clk 0:02:15]} 17. Na3 {[%clk 0:03:08]} Rb8
{[%clk 0:01:59]} 18. e4 {[%clk 0:03:02]} Bg4 {[%clk 0:01:43]} 19. f3
{[%clk 0:03:02]} Bd7 {[%clk 0:01:40]} 20. f4 {[%clk 0:03:02]} Neg4
{[%clk 0:01:40]} 21. h3 {[%clk 0:02:55]} Nh6 {[%clk 0:01:39]} 22. Nc4
{[%clk 0:02:51]} Qc7 {[%clk 0:01:13]} 23. a5 {[%clk 0:02:51]} Bb5
{[%clk 0:01:03]} 24. Nxb5 {[%clk 0:02:36]} axb5 {[%clk 0:01:04]} 25. Nxd6
{[%clk 0:02:31]} Qxd6 {[%clk 0:01:03]} 26. e5 {[%clk 0:02:32]} Qd7
{[%clk 0:00:58]} 27. exf6 {[%clk 0:02:31]} Bxf6 {[%clk 0:00:59]} 28. Qc2
{[%clk 0:02:03]} Nf5 {[%clk 0:00:58]} 29. Kh2 {[%clk 0:01:55]} Rbc8
{[%clk 0:00:59]} 30. a6 {[%clk 0:01:52]} bxa6 {[%clk 0:00:59]} 31. Rxa6
{[%clk 0:01:53]} Bg7 {[%clk 0:01:00]} 32. Bd2 {[%clk 0:01:45]} Re2
{[%clk 0:00:57]} 33. Qd3 {[%clk 0:01:27]} Nd4 {[%clk 0:00:54]} 34. Be3
{[%clk 0:01:08]} c4 {[%clk 0:00:50]} 35. Qa3 {[%clk 0:01:01]} Qxd5
{[%clk 0:00:47]} 36. Rg1 {[%clk 0:00:50]} Nf3+ {[%clk 0:00:44]} 37. Kh1
{[%clk 0:00:48]} Rxg2 {[%clk 0:00:41]} 38. Rxg2 {[%clk 0:00:45]} Ne1
{[%clk 0:00:41]} 0-1

[Event "blitzwomeanteam"]
[Site "?"]
[Date "2016.10.07"]
[Round "7.1"]
[White "Galliamova, Alisa"]
[Black "Sukhareva, Evgeniya"]
[Result "1-0"]
[LiveChessVersion "1.4.4"]
[BlackElo "2258"]
[WhiteElo "2403"]

1. d4 {[%clk 0:03:03]} d5 {[%clk 0:03:03]} 2. c4 e6 3. Nc3 {[%clk 0:03:06]} Nf6
{[%clk 0:03:05]} 4. Nf3 {[%clk 0:03:07]} c5 {[%clk 0:03:03]} 5. cxd5
{[%clk 0:03:04]} Nxd5 {[%clk 0:03:00]} 6. e4 {[%clk 0:02:57]} Nxc3
{[%clk 0:03:00]} 7. bxc3 {[%clk 0:02:58]} cxd4 8. cxd4 Bb4+ {[%clk 0:03:02]} 9.
Bd2 {[%clk 0:03:00]} Bxd2+ 10. Qxd2 O-O {[%clk 0:03:03]} 11. Rc1 {[%clk 0:02:38]}
b6 {[%clk 0:03:02]} 12. Bd3 {[%clk 0:02:28]} Bb7 {[%clk 0:03:02]} 13. O-O
{[%clk 0:02:28]} Nd7 {[%clk 0:03:03]} 14. h4 {[%clk 0:02:24]} h6 {[%clk 0:02:40]}
15. Bb1 {[%clk 0:02:19]} Rc8 {[%clk 0:02:15]} 16. Qd3 {[%clk 0:02:16]} Re8
{[%clk 0:02:01]} 17. h5 {[%clk 0:02:10]} Qe7 {[%clk 0:01:45]} 18. Rcd1
{[%clk 0:01:46]} Qb4 {[%clk 0:01:35]} 19. Qe3 {[%clk 0:01:35]} Rc3
{[%clk 0:01:21]} 20. Qf4 {[%clk 0:01:35]} Rec8 {[%clk 0:01:16]} 21. Nh2
{[%clk 0:01:32]} Qe7 {[%clk 0:01:03]} 22. Ng4 {[%clk 0:01:27]} Qg5
{[%clk 0:00:53]} 23. Qxg5 {[%clk 0:01:16]} hxg5 {[%clk 0:00:53]} 24. d5
{[%clk 0:01:08]} e5 {[%clk 0:00:21]} 25. Ne3 {[%clk 0:01:08]} Ba6
{[%clk 0:00:19]} 26. Rfe1 {[%clk 0:01:07]} Kf8 {[%clk 0:04:05]} 27. Nf5
{[%clk 0:01:05]} Nc5 {[%clk 0:00:15]} 28. d6 {[%clk 0:00:47]} Nd7
{[%clk 0:00:16]} 29. Ne7 {[%clk 0:00:43]} R8c5 {[%clk 0:00:16]} 30. Nd5
{[%clk 0:00:40]} R3c4 {[%clk 0:00:14]} 31. Bd3 {[%clk 0:00:37]} Ra4
{[%clk 0:00:15]} 32. Bxa6 {[%clk 0:00:36]} Rxa6 {[%clk 0:00:17]} 33. Rd2 Ra4
{[%clk 0:00:17]} 34. f3 {[%clk 0:00:36]} f6 {[%clk 0:00:18]} 35. Kf2
{[%clk 0:00:34]} Rac4 {[%clk 0:00:17]} 36. Ree2 {[%clk 0:00:35]} Kf7
{[%clk 0:00:18]} 37. Kg3 {[%clk 0:00:32]} Rd4 {[%clk 0:00:19]} 38. Rxd4
{[%clk 0:00:29]} exd4 {[%clk 0:00:19]} 39. Rd2 {[%clk 0:00:30]} Rc4
{[%clk 0:00:21]} 40. Nc7 {[%clk 0:00:27]} Ra4 {[%clk 0:00:20]} 41. Nb5
{[%clk 0:00:28]} d3 {[%clk 0:00:17]} 42. Kf2 {[%clk 0:00:17]} Ke6
{[%clk 0:00:15]} 43. g3 {[%clk 0:00:17]} Rb4 {[%clk 0:00:15]} 44. Nxa7
{[%clk 0:00:15]} Kxd6 {[%clk 0:00:13]} 45. Nc8+ {[%clk 0:00:14]} Ke6
{[%clk 0:00:13]} 46. Rxd3 Rb2+ {[%clk 0:00:14]} 47. Ke3 {[%clk 0:00:16]} Rxa2 48.
Rd6+ {[%clk 0:00:17]} Ke5 {[%clk 0:00:13]} 49. f4+ {[%clk 0:00:16]} Kd5 1-0

[Event "blitzwomeanteam"]
[Site "?"]
[Date "2016.10.07"]
[Round "7.2"]
[White "Drozdova, Dina"]
[Black "Ambartsumova, Karina"]
[Result "1/2-1/2"]
[LiveChessVersion "1.4.4"]
[BlackElo "2293"]
[WhiteElo "2241"]

1. d4 {[%clk 0:03:03]} d5 {[%clk 0:03:03]} 2. c4 e6 {[%clk 0:03:05]} 3. Nc3
{[%clk 0:03:05]} Be7 {[%clk 0:03:06]} 4. cxd5 {[%clk 0:03:06]} exd5
{[%clk 0:03:06]} 5. Bf4 {[%clk 0:03:07]} c6 {[%clk 0:03:05]} 6. e3
{[%clk 0:03:08]} Bd6 {[%clk 0:03:01]} 7. Bg3 {[%clk 0:03:06]} Ne7
{[%clk 0:02:59]} 8. Bd3 {[%clk 0:03:06]} Bf5 {[%clk 0:02:52]} 9. Nge2
{[%clk 0:02:55]} O-O {[%clk 0:02:49]} 10. Qc2 {[%clk 0:02:51]} Bxd3
{[%clk 0:02:45]} 11. Qxd3 {[%clk 0:02:53]} Na6 {[%clk 0:02:41]} 12. O-O
{[%clk 0:02:47]} Nc7 {[%clk 0:02:33]} 13. Rfc1 {[%clk 0:02:39]} Nc8
{[%clk 0:02:32]} 14. Na4 {[%clk 0:02:34]} Bxg3 {[%clk 0:02:28]} 15. Nxg3
{[%clk 0:02:35]} Nd6 {[%clk 0:02:29]} 16. Nc5 {[%clk 0:02:30]} Qe7
{[%clk 0:02:11]} 17. Nf5 {[%clk 0:02:27]} Nxf5 {[%clk 0:02:11]} 18. Qxf5
{[%clk 0:02:29]} Nb5 {[%clk 0:01:58]} 19. Qd7 {[%clk 0:02:02]} Qxd7
{[%clk 0:01:52]} 20. Nxd7 {[%clk 0:02:03]} Rfe8 {[%clk 0:01:52]} 21. Nc5
{[%clk 0:02:01]} Nd6 {[%clk 0:01:53]} 22. a4 {[%clk 0:01:54]} a5 {[%clk 0:01:40]}
23. Ra3 {[%clk 0:01:38]} Ra7 {[%clk 0:01:24]} 24. Rb3 {[%clk 0:01:27]} h5
{[%clk 0:01:16]} 25. h4 {[%clk 0:01:26]} g6 {[%clk 0:01:16]} 26. g3
{[%clk 0:01:27]} Kg7 {[%clk 0:01:16]} 27. Kg2 {[%clk 0:01:28]} Re7
{[%clk 0:01:10]} 28. Nd3 {[%clk 0:01:13]} Nc4 {[%clk 0:01:06]} 29. Nc5
{[%clk 0:01:06]} Nd6 {[%clk 0:00:49]} 30. Rbc3 {[%clk 0:01:04]} Ra8
{[%clk 0:00:46]} 31. b3 {[%clk 0:01:04]} Rae8 {[%clk 0:00:44]} 32. R3c2
{[%clk 0:00:57]} Nc8 {[%clk 0:00:43]} 33. Rc3 {[%clk 0:00:55]} Nd6
{[%clk 0:00:44]} 34. R3c2 {[%clk 0:00:57]} Kf6 {[%clk 0:00:44]} 35. Rc3 Kg7 36.
R3c2 {[%clk 0:00:59]} Rb8 {[%clk 0:00:46]} 37. Rc3 {[%clk 0:00:58]} Ra8
{[%clk 0:00:46]} 38. R3c2 {[%clk 0:00:59]} Rae8 {[%clk 0:00:44]} 39. Rc3
{[%clk 0:01:01]} Kf6 {[%clk 0:00:43]} 40. R3c2 {[%clk 0:01:02]} Kg7
{[%clk 0:00:44]} 41. Rc3 {[%clk 0:01:03]} Ra8 {[%clk 0:00:42]} 42. R3c2
{[%clk 0:01:05]} Ra7 {[%clk 0:00:37]} 43. Rc3 {[%clk 0:01:06]} Ra8
{[%clk 0:00:35]} 44. R3c2 {[%clk 0:01:07]} Rae8 {[%clk 0:00:35]} 45. Rc3
{[%clk 0:01:09]} Ra8 46. R3c2 Rae8 {[%clk 0:00:34]} 1/2-1/2

[Event "blitzwomeanteam"]
[Site "?"]
[Date "2016.10.07"]
[Round "7.3"]
[White "Tomilova, Elena"]
[Black "Nebolsina, Vera"]
[Result "0-1"]
[LiveChessVersion "1.4.4"]
[BlackElo "2226"]
[WhiteElo "2223"]

1. Nf3 {[%clk 0:03:03]} b6 {[%clk 0:03:02]} 2. g3 {[%clk 0:03:00]} Bb7
{[%clk 0:03:03]} 3. Bg2 {[%clk 0:03:01]} Nf6 {[%clk 0:03:03]} 4. O-O
{[%clk 0:02:54]} g6 {[%clk 0:03:03]} 5. c4 {[%clk 0:02:46]} Bg7 {[%clk 0:03:03]}
6. Nc3 {[%clk 0:02:46]} O-O {[%clk 0:03:00]} 7. d3 {[%clk 0:02:45]} d5
{[%clk 0:02:54]} 8. cxd5 {[%clk 0:02:23]} Nxd5 {[%clk 0:02:53]} 9. Bd2
{[%clk 0:02:24]} c5 {[%clk 0:02:50]} 10. Qa4 {[%clk 0:02:23]} Nd7
{[%clk 0:02:35]} 11. Qh4 {[%clk 0:02:15]} e6 {[%clk 0:02:18]} 12. Bg5
{[%clk 0:02:03]} Qb8 {[%clk 0:02:10]} 13. Bh6 {[%clk 0:01:49]} Qd8
{[%clk 0:01:48]} 14. Ng5 {[%clk 0:01:35]} N7f6 {[%clk 0:01:12]} 15. Nce4
{[%clk 0:01:11]} Re8 {[%clk 0:00:58]} 16. Bxg7 {[%clk 0:00:59]} Kxg7
{[%clk 0:00:55]} 17. Nxf6 {[%clk 0:00:59]} Qxf6 {[%clk 0:00:44]} 18. Qxh7+
{[%clk 0:00:54]} Kf8 {[%clk 0:00:45]} 19. Ne4 {[%clk 0:00:45]} Qxb2
{[%clk 0:00:37]} 20. Nd6 {[%clk 0:00:44]} Re7 {[%clk 0:00:36]} 21. e4
{[%clk 0:00:35]} Nb4 {[%clk 0:00:26]} 22. e5 {[%clk 0:00:30]} Qxe5
{[%clk 0:00:18]} 23. Nxb7 {[%clk 0:00:28]} Rb8 {[%clk 0:00:17]} 24. Rae1
{[%clk 0:00:25]} Qg7 {[%clk 0:00:15]} 25. Qh4 {[%clk 0:00:25]} Rd7
{[%clk 0:00:15]} 26. Qf4 {[%clk 0:00:23]} Rbxb7 {[%clk 0:00:14]} 27. Bxb7
{[%clk 0:00:23]} Rxb7 {[%clk 0:00:15]} 28. Qd6+ {[%clk 0:00:23]} Ke8
{[%clk 0:00:15]} 29. Re3 {[%clk 0:00:18]} Rd7 {[%clk 0:00:14]} 30. Qb8+
{[%clk 0:00:19]} Ke7 {[%clk 0:00:16]} 31. Rfe1 {[%clk 0:00:16]} Nc2
{[%clk 0:00:16]} 32. Qf4 {[%clk 0:00:11]} Nxe1 {[%clk 0:00:16]} 33. Rxe1
{[%clk 0:00:12]} Rxd3 {[%clk 0:00:16]} 34. Qh4+ {[%clk 0:00:11]} Qf6
{[%clk 0:00:17]} 35. Qe4 {[%clk 0:00:11]} Rd7 {[%clk 0:00:17]} 36. a4
{[%clk 0:00:11]} Rd2 {[%clk 0:00:17]} 37. Qb7+ {[%clk 0:00:12]} Kf8
{[%clk 0:00:18]} 38. Rf1 {[%clk 0:00:11]} a5 {[%clk 0:00:17]} 39. Qxb6
{[%clk 0:00:12]} Qd4 {[%clk 0:00:18]} 40. Qxa5 {[%clk 0:00:11]} c4
{[%clk 0:00:17]} 41. Qb4+ {[%clk 0:00:10]} Kg7 {[%clk 0:00:14]} 42. a5
{[%clk 0:00:10]} Ra2 {[%clk 0:00:12]} 43. h4 {[%clk 0:00:06]} Qd3
{[%clk 0:00:08]} 44. Qb5 {[%clk 0:00:07]} Qd5 {[%clk 0:00:06]} 45. Qb4
{[%clk 0:00:07]} Rxa5 {[%clk 0:00:06]} 46. Qc3+ {[%clk 0:00:07]} e5
{[%clk 0:00:06]} 47. f4 {[%clk 0:00:08]} Qd4+ {[%clk 0:00:06]} 48. Qxd4 exd4
{[%clk 0:00:08]} 49. Rd1 {[%clk 0:00:09]} d3 {[%clk 0:00:09]} 50. Rc1
{[%clk 0:00:10]} d2 {[%clk 0:00:09]} 51. Rd1 {[%clk 0:00:11]} c3 {[%clk 0:00:10]}
0-1